000 01066nam a2200289 a 4500
001 000004157
003 DO-SdBNP
005 20240412074202.0
007 ta
008 090717e2005 dr a er 000 pdspa d
020 _a999349464X
040 _aDO-SdBNP
_bspa
_cBNPHU
082 4 _aRD861.44
_bR696pe
_222
100 1 _aRodríguez, Rafael P.
_912299
245 1 0 _aPétalos de agua /
_cRafael P. Rodríguez ; editores Ramón Antonio Jiménez, Reyna Lissette Ramírez ; Ilustración Raúl Morillo
260 _aSan Francisco de Macorís, República Dominicana :
_bNacional:
_bÁngeles de Fierro,
_c2005.
300 _a51 p. :
_bil. ;
_c18 cm.
500 _aIncluye datos biográficos del autor en la solapa de la cubierta.
590 _aInventariado, 2018/BT
650 4 _aPoesía dominicana
_966
650 0 _aLiteratura dominicana.
_967
700 1 _976099
_aAntonio Jiménez, Ramón,
_eed.
700 1 _aRamírez, Reyna Lissette,
_eed.
_981299
700 1 _aMorillo, Raúl,
_eil.
_981300
910 _aValidado. Control de calidad. MMOLINA
942 _2ddc
_cLBS1
999 _c3973
_d3973